Физическая культура и спорт на современном этапе: проблемы, поиски, решения: материалы межрегиональной научно-практической конференции, 12 декабря 2008 г., Томск

গ্রন্থ-পঞ্জীর বিবরন
সংস্থা লেখক: Томский политехнический университет (ТПУ) Факультет физической культуры, Физическая культура и спорт на современном этапе: проблемы, поиски, решения межрегиональная научно-практическая конференция
সংক্ষিপ্ত:В сборнике представлены статьи по проблемам организации и методов подготовки легкоатлетов на разных этапах спортивной тренировки. Материалы сборника рассчитаны на специалистов в области физической культуры и спорта, тренеров, на преподавателей и студентов факультетов физической культуры.
ভাষা:রুশ
প্রকাশিত: Томск, Изд-во ТПУ, 2008
বিষয়গুলি:
বিন্যাস: MixedMaterials গ্রন্থ
KOHA link:https://koha.lib.tpu.ru/cgi-bin/koha/opac-detail.pl?biblionumber=160370

MARC

LEADER 00000nam0a2200000 4500
001 160370
005 20231101222201.0
035 |a (RuTPU)RU\TPU\book\173906 
090 |a 160370 
100 |a 20090521d2008 k y0rusy50 ca 
101 0 |a rus 
102 |a RU 
105 |a y z 101zy 
200 1 |a Физическая культура и спорт на современном этапе: проблемы, поиски, решения  |e материалы межрегиональной научно-практической конференции, 12 декабря 2008 г., Томск  |f Томский политехнический университет (ТПУ), Факультет физической культуры 
210 |a Томск  |c Изд-во ТПУ  |d 2008 
215 |a 184 с. 
320 |a Библиография в конце докладов. 
330 |a В сборнике представлены статьи по проблемам организации и методов подготовки легкоатлетов на разных этапах спортивной тренировки. Материалы сборника рассчитаны на специалистов в области физической культуры и спорта, тренеров, на преподавателей и студентов факультетов физической культуры. 
606 1 |a Физическая культура и спорт  |2 stltpush  |3 (RuTPU)RU\TPU\subj\63791  |9 80728 
610 1 |a спорт 
610 1 |a физкультура 
610 1 |a история 
610 1 |a Томск 
610 1 |a Сибирь 
610 1 |a конференции 
675 |a 796(063)  |v 3 
712 0 2 |a Томский политехнический университет (ТПУ)  |b Факультет физической культуры  |c (1991- )  |2 stltpush  |3 (RuTPU)RU\TPU\col\376 
712 1 2 |a Физическая культура и спорт на современном этапе: проблемы, поиски, решения  |b межрегиональная научно-практическая конференция  |e Томск  |f 2008 
801 1 |a RU  |b 63413507  |c 20090521  |g PSBO 
801 2 |a RU  |b 63413507  |c 20101220  |g PSBO 
942 |c BK